LEADER 00400nab a2200145 i 4500 001 000000260919 003 CaOOAMICUS 005 20190402151744.0 008 050406n xx uu u0 0und r 013 $a1771 040 $aSeMil$bita 245 10$a2004 : 3. 773 0 $t2004.$dBerlin ; New York : De Gruyter, copyr. 2004.$w()113216 996 $6245$a2004 : 3$9(OLS)http://semarc/title/204615 LEADER 00408nab a2200145 i 4500 001 000000267934 003 CaOOAMICUS 005 20080111000000.0 008 080111n xx uu u0 0und r 013 $a12721 040 $aSeMil$bita 245 10$a[SENZA TITOLO]. 500 $a2007/3. 773 0 $t2007.$dBerlin ; New York : De Gruyter, copyr. 2007.$w()160931 996 $6245$a[SENZA TITOLO]$9(OLS)http://semarc/title/354609